| Registos Bibliográficos associados ao registo de autoridade |
|
Etiqueta de registo: 00254nam 2200025 450 001 2284089 003 http://id.bnportugal.gov.pt/bib/catbnp/2284089 021 ## $aPT$b548685/25 100 ## $a20260410d2025 m y0pory01030103ba 101 0# $apor 102 ## $aPT 105 ## $aa z 000yy 106 ## $ar 200 1# $aDois caluniados (D. Fernando I e Leonor Teles)$fHorácio Ferreira Alves$gintrodução Luís Victório$gpref. Alcino Pedrosa 210 #9 $aBarreiro$cVultos da Nossa Terra,$d2025 215 ## $a239, [4] p.$d23 cm 532 12 $aDois caluniados (Dom Fernando I e Leonor Teles) 675 ## $a94(469)"13"(042)$vBN$zpor$31333868 675 ## $a821.134.3Lopes, Fernão.09$vBN$zpor$3339023 675 ## $a929Fernando I, Rei de Portugal$vBN$zpor$3913602 700 #1 $aAlves,$bHorácio,$f1891-1957$3146011 702 #1 $aVictório,$bLuís$4080$31995354 702 #1 $aPedrosa,$bAlcino,$f1959-$4080$3100313 801 #0 $aPT$bBN$gRPC 856 41 $uhttp://rnod.bnportugal.gov.pt/ImagesBN/winlibimg.aspx?skey=&doc=2284089&img=222254&save=true 900 ## $aBIBNAC$d20260519 966 ## $lBN$mFGMON$sH.G. 89167 V.$x1 971 ## $cabrito$d20260410 972 ## $e0$z0$d20260519$vlrevez 973 ## $ctrodrigues$d20260508
|
|
|